Biblioteka Instytutu Północnego w Olsztynie

Kustosz pamięci : (Rekord nr 27802)

Szczegóły MARC
000 -Nagłówek
fixed length control field 02526cam a2200601 i 4500
001 - Nr kontrolny bibl., która utworzyła rek.
control field xx004846904
003 - Siglum bibl., której nr kontr. jest w 001
control field NUKAT
005 - Data i czas ostatniej operacji
control field 20260427131405.0
008 - Elementy pola stałej długości
fixed length control field 200422s2019 pl a g |001 0dpol c
020 ## - ISBN
ISBN 9788380906969
dopowiedzenie (wersja drukowana)
020 ## - ISBN
ISBN 9788380906976
dopowiedzenie (wersja elektroniczna)
020 ## - ISBN
ISBN 9788380988118
dopowiedzenie (wersja drukowana IPN)
020 ## - ISBN
ISBN 9788380988125
dopowiedzenie (wersja elektroniczna IPN)
035 ## - Systemowy numer kontrolny
systemowy numer kontrolny (OCoLC)1153291905
035 ## - Systemowy numer kontrolny
systemowy numer kontrolny (NUKAT)xx004846904
040 ## - Instytucja sporządzająca opis
Instytucja, która sporządziła opis KAT U/AM
język katalgowania-trzyzn. kod pol
zasady opisu rda
Instytucja, która sporządziła rekord KAT U/AMs
Instytucja, która zmodyfikowała rekord KAT U/AM
-- KR 253/MH
-- WA 14/ABs
045 2# - Okres czasu dla zawartości
czas między r. 9999 pne a nasz. czas. d1913
-- d2013
046 ## - Kod rodz. daty, data1, data2 (daty pne)
Begin/single date 2019
100 1# - Hasło główne-nazwa osobowa
Nazwa osobowa Jagodzińska, Anna
Daty biograficzne (1951- ).
rodzaj współpracy Autor
9 (RLIN) 15776
245 10 - Tytuł właściwy i oznaczenie odpow.
tytuł Kustosz pamięci :
dodatek do tytułu ksiądz Leon Stępniak (1913-2013) więzień Dachau i Mauthausen-Gusen /
dod. inf. ze s. tyt./ozn. odpow. Anna Jagodzińska.
260 ## - Adres wydawniczy
miejsce wydania, dystrybucji itp. Warszawa :
nazwa wydawcy, dystrybutora itp. Wydawnictwo Naukowe Uniwersytetu Kardynała Stefana Wyszyńskiego :
-- Instytut Pamięci Narodowej - Komisja Ścigania Zbrodni przeciwko Narodowi Polskiemu,
data wydania, dystrybucji itp. 2019.
300 ## - Opis fizyczny
objętość i/lub forma materiału 436 stron, [16] stron tablic :
inne szczegóły opisu fizycznego ilustracje ;
format 25 cm.
336 ## - Content Type
Term Tekst
Code txt
Source rdacontent
337 ## - Media Type
Term Bez urządzenia pośredniczącego
Code n
Source rdamedia
338 ## - Carrier Type
Term Wolumin
Code nc
Source rdacarrier
380 ## - Form of work
Form of work Książki
380 ## - Form of work
Form of work Publikacje naukowe
388 1# - TIME PERIOD OF CREATION
Time period of creation term 2001-
490 1# - Tytuł serii i ks. wielotom.-nie do wysz.
oznaczenie serii W Służbie Niepodległej
504 ## - Uwaga o bibliografii
uwaga o bibliografii Indeks.
600 17 - Hasło przedmiotowe-nazwa osobowa
nazwa osobowa Stępniak, Leon
daty biograficzne (1913-2013)
źródło hasła DBN
9 (RLIN) 40662
600 17 - Hasło przedmiotowe-nazwa osobowa
nazwa osobowa Stępniak, Leon
daty biograficzne (1913-2013).
źródło hasła kaba
9 (RLIN) 40663
610 27 - Hasło przedmiotowe-nazwa ciała zbior.
nazwa ciała zbior. lub geogr. Dachau (niemiecki obóz koncentracyjny)
źródło hasła DBN
9 (RLIN) 40664
610 27 - Hasło przedmiotowe-nazwa ciała zbior.
nazwa ciała zbior. lub geogr. Mauthausen (niemiecki obóz koncentracyjny)
źródło hasła DBN
9 (RLIN) 40665
648 #7 - SUBJECT ADDED ENTRY--CHRONOLOGICAL TERM
Chronological term 1901-2000
Source of heading or term DBN
9 (RLIN) 34996
648 #7 - SUBJECT ADDED ENTRY--CHRONOLOGICAL TERM
Chronological term 2001-
Source of heading or term DBN
9 (RLIN) 36393
650 #7 - Hasło przedmiotowe-nazwa pospolita
nazwa pospolita lub geogr. Duchowieństwo katolickie
źródło hasła DBN
9 (RLIN) 35375
650 #7 - Hasło przedmiotowe-nazwa pospolita
nazwa pospolita lub geogr. Więźniowie obozów
źródło hasła DBN
9 (RLIN) 36983
651 #7 - Hasło przedmiotowe-nazwa geogr.
nazwa geograficzna Dachau (Niemcy)
źródło hasła DBN
9 (RLIN) 40666
651 #7 - Hasło przedmiotowe-nazwa geogr.
nazwa geograficzna Mauthausen (Austria)
źródło hasła DBN
9 (RLIN) 40667
651 #7 - Hasło przedmiotowe-nazwa geogr.
nazwa geograficzna Polska
źródło hasła DBN
9 (RLIN) 35076
655 #7 - Termin określający rodzaj/formę
rodzaj/forma Biografia
źródło terminu DBN
9 (RLIN) 35059
658 ## - Nazwa określająca cel programu nauczania
główny cel programu nauczania Historia
658 ## - Nazwa określająca cel programu nauczania
główny cel programu nauczania Religia i duchowość
710 2# - Hasło dodatkowe - nazwa ciała zbior.
nazwa ciała zbior. lub nazwa geogr. Instytut Pamięci Narodowej - Komisja Ścigania Zbrodni przeciwko Narodowi Polskiemu.
rodzaj współpracy Wydawca
kod rodzaju współpracy pbl
9 (RLIN) 11792
710 2# - Hasło dodatkowe - nazwa ciała zbior.
nazwa ciała zbior. lub nazwa geogr. Uniwersytet Kardynała Stefana Wyszyńskiego (Warszawa).
nazwa jednostki podrzędnej Wydawnictwo.
rodzaj współpracy Wydawca
kod rodzaju współpracy pbl
9 (RLIN) 18588
830 #0 - Hasło dod. serii i op. ks. wielotom. -tyt
tytuł W Służbie Niepodległej
9 (RLIN) 40668
920 ## - ISBN
ISBN 978-83-8090-696-9 (wersja drukowana)
920 ## - ISBN
ISBN 978-83-8090-697-6 (wersja elektroniczna)
920 ## - ISBN
ISBN 978-83-8098-811-8 (wersja drukowana IPN)
920 ## - ISBN
ISBN 978-83-8098-812-5 (wersja elektroniczna IPN)
942 ## - ADDED ENTRY ELEMENTS (KOHA)
Source of classification or shelving scheme Dewey Decimal Classification
Koha item type pozycje dostępne na miejscu
Egzemplarze
Status wycofania Status zagubienia Klasyfikacja Status uszkodzenia Blokada wypożyczeń Kolekcja Lokalizacja macierzysta Lokalizacja bieżąca Data nabycia Numer akcesji Źródło akcesji Cena Nr inwentarzowy il. wypożyczeń Sygnatura Kod kreskowy Date last seen Price effective from Typ egz.
    Dewey Decimal Classification nieuszkodzona   książka w magazynie Biblioteka Instytutu Północnego w Olsztynie Biblioteka Instytutu Północnego w Olsztynie 30/11/2020 D-36/2020 dar 28.00 59943   59943 IPWK24047 27/04/2026 27/04/2026 pozycje dostępne na miejscu
Biblioteka Instytutu Północnego, ul. Partyzantów 87, 10-402 Olsztyn, email: biblioteka(at)ip.olsztyn.pl